Normal view
MARC view
- Remote Sensing and GIS - MS Thesis.
Entry Topical Term
001 - CONTROL NUMBER
- control field: 16703
003 - CONTROL NUMBER IDENTIFIER
- control field: NUST
005 - DATE AND TIME OF LATEST TRANSACTION
- control field: 20190704071506.0
008 - FIXED-LENGTH DATA ELEMENTS
- fixed length control field: 190704|| aca||aabn | a|a d
040 ## - CATALOGING SOURCE
- Original cataloging agency: NUST
- Transcribing agency: NUST
150 ## - HEADING--TOPICAL TERM
- Topical term or geographic name entry element: Remote Sensing and GIS - MS Thesis.
670 ## - SOURCE DATA FOUND
- Source citation: Work cat.: (NUST): Khan, Shahid Nawaz 16702, Optimizing allocation Decisions in Open and Distance Learning Using Spatial Support Systems and Agent-Based Models :, 2018.
